| 000 | 01001nab a22002417a 4500 | ||
|---|---|---|---|
| 999 |
_c5321 _d5321 |
||
| 003 | OSt | ||
| 005 | 20250220092430.0 | ||
| 008 | 190605e xxu||||| |||| 00| 0 spa d | ||
| 040 | _cPJ | ||
| 100 |
_94584 _aMansilla, Alberto |
||
| 245 | 1 | 0 |
_aDNU 731/2024 : _blas propinas ya no son parte de la remuneración / _cAlberto Mansilla. |
| 260 |
_aCiudad Autónoma de Buenos Aires : _bThomson Reuters La Ley, _c2025. |
||
| 300 | _ap. 18-21 | ||
| 500 | _aCita Online: AR/DOC/2626/2024. | ||
| 505 | _aSumario: I. Su inconstitucionalidad.— II. La jurisprudencia.— III. El DNU 731/2024. | ||
| 505 | _t¿Te interesa el texto completo? Solicitalo al correo: koha@justierradelfuego.gov.ar | ||
| 650 | 0 |
_91316 _aDERECHO LABORAL |
|
| 650 | 0 |
_91318 _aREMUNERACION |
|
| 650 | 0 |
_96369 _aPROPINAS |
|
| 650 | 0 |
_91534 _aINDEMNIZACION POR DESPIDO |
|
| 773 | 0 |
_02711 _93168 _dCiudad Autónoma de Buenos Aires : Thomson Reuters La Ley, 1999-2002. _tRevista de derecho del trabajo. Nº 1 - Enero 2025 |
|
| 942 |
_2udc _cANA |
||